Ukončovanie prípravy na stredných školách : premietnuté zmeny z Programového vyhlásenia vlády SR

Bibliographic Details
Format: Article
Language:Slovak
PhysicalDescription:Tab.
ISSN:1335-1796
Subjects:

MARC

LEADER 00000nab a2200000 ar4500
001 vtls009149655
003 SK-MaSNL
005 20260303213009.0
008 071015c2007 xo br|p||| |000 b|slo
015 |a SNBRB2007/10 
038 |a SPK 
040 |a SPKCL  |b slo  |c 1997  |e AACR2 
041 0 |a slo 
044 |a xo  |c SK 
072 7 |a 371  |x Školstvo (organizácia)  |2 konspekt 
072 7 |a 373.5/.6  |x Stredné školy  |2 konspekt 
072 7 |a 328  |x Zastupiteľské orgány. Vlády  |2 konspekt 
080 |a 371.274/.276  |2 UDC-MRF-SK2 
080 |a 373.5  |2 UDC-MRF-SK2 
080 |a 328.1  |2 UDC-MRF-SK2 
245 0 0 |a Ukončovanie prípravy na stredných školách : premietnuté zmeny z Programového vyhlásenia vlády SR 
300 |b Tab. 
650 0 7 |a maturitné skúšky  |2 snkbucl  |9 66554 
650 0 7 |a stredné školy  |2 snkbucl  |9 1279 
650 0 7 |a programové vyhlásenie vlády  |2 snkbucl  |9 1063404 
773 0 |t Škola : časopis o manažovaní škôl a školských zariadení, ekonomických a právnych aspektoch ich prevádzky  |g Roč. XII, č. 4 (2007), s. 21-34  |x 1335-1796 
852 |a SPK  |b KIS3GCP 
999 |c 2210139  |d 2212069